| 000 | 00464nam a2200193Ia 4500 | ||
|---|---|---|---|
| 005 | 20260429112230.0 | ||
| 008 | 260429s9999||||xx |||||||||||||| ||und|| | ||
| 020 | _a9789349281677 | ||
| 041 | _aEnglish | ||
| 082 |
_a346.0134 _bYAD |
||
| 100 | _aYadav, Rekha | ||
| 245 | 0 |
_aWomen and law / _cRekha Yadav |
|
| 260 |
_aJaipur : _bYking Book, _c2025. |
||
| 300 | _avi, 272 p.; hb | ||
| 650 | _a Private law | ||
| 650 | _a Women | ||
| 650 | _aLaw | ||
| 942 | _cTB | ||
| 999 |
_c53023 _d53023 |
||